00834caa a22001692a 4500001000900000003001100009008004300020092001700063100003000080245001300110300001400123500016700137942000900304999001700313773016600330773016800496 015074 AR-FADEU 311216n########xxu####################dd aA860.2bW423 aGutiérrez, Juan María aTristeza aPP. 85-86 aEn: La época de Rosas : M. Sastre, J. B. Alberdi, E. Echeverría : antología / comp. Félix Weinberg. Buenos Aires : Centro Editor de América Latina, 1979 cBDGR c20833d208330 0663094293aWeinberg, Félix, comp.bdBuenos Aireso19tLa época de Rosas : M. Sastre, J. B. Alberdi, E. Echeverría : antologíaw( AR-FADEU) 000790xz0 0663094294aWeinberg, Félix, comp.bdBuenos Aireso8610tLa época de Rosas : M. Sastre, J. B. Alberdi, E. Echeverría : antologíaw( AR-FADEU) 000790xz